Bulletin (Association for Tropical Biology)

Xehetasun bibliografikoak
Formatua: Baliabide elektronikoa Aldizkaria
Hizkuntza:English
Argitaratua: Association for Tropical Biology and Conservation
Gaiak:
Sarrera elektronikoa:Full text available on JSTOR[1962-01-01 - 1967-04-01]
Off-campus access
LEADER 01073cas a2200217 a 4500
001 AALejournalJSTOR003349
008 230228c9999 xx r poo 0 0eng d
022 |a 0571-5725 
022 |a 2471-5050 
040 |a BD-DhAAL  |c BD-DhAAL 
245 0 0 |h [electronic resource]  |a Bulletin (Association for Tropical Biology) 
260 |b Association for Tropical Biology and Conservation 
300 |a 1 online resource 
362 0 |a no. 1 
500 |a <strong>Off-Campus Access:</strong> Athens ID and Password Required 
500 |a <strong>On-Campus Access:</strong> No User ID or Password Required 
506 |a Electronic access restricted to authorized BRAC University faculty, staff and students 
538 |a Mode of access: Internet 
650 4 |a Biological Sciences ; Ecology & Evolutionary Biology ; Science & Mathematics 
856 4 0 |z Full text available on JSTOR[1962-01-01 - 1967-04-01]  |u https://www.jstor.org/journal/bullassotropbiol 
856 4 0 |z Off-campus access  |u https://go.openathens.net/redirector/bracu.ac.bd?url=https%3A%2F%2Fwww.jstor.org%2Fjournal%2Fbullassotropbiol